Statistics for US States by City - Tile Select

Click here to take the quiz!

General Stats

  • This quiz has been taken 9 times
  • The average score is 43 of 80

Answer Stats

QuestionTileSelect% Correct
States with a city named 'Springfield'AlaskaNo
100%
States with a city named 'Orange'ArizonaNo
100%
States with a city named 'Springfield'IdahoNo
100%
States with a city named 'Orange'IllinoisNo
100%
States with a city named 'Orange'KansasNo
100%
States with a city named 'Arlington'New MexicoNo
100%
States with a city named 'Washington'OhioNo
100%
States with a city named 'Arlington'Rhode IslandNo
100%
States with a city named 'Springfield'South CarolinaNo
100%
States with a city named 'Arlington'UtahNo
100%
States with a city named 'Washington'WyomingNo
100%
States with a city named 'Arlington'AlabamaNo
89%
States with a city named 'Madison'ColoradoNo
89%
States with a city named 'Madison'HawaiiNo
89%
States with a city named 'Springfield'IowaNo
89%
States with a city named 'Washington'KentuckyNo
89%
States with a city named 'Orange'MarylandNo
89%
States with a city named 'Orange'MississippiNo
89%
States with a city named 'Madison'MontanaNo
89%
States with a city named 'Orange'North CarolinaNo
89%
States with a city named 'Washington'North DakotaNo
89%
States with a city named 'Madison'OklahomaNo
89%
States with a city named 'Arlington'South DakotaNo
89%
States with a city named 'Washington'TexasNo
89%
States with a city named 'Madison'WashingtonNo
89%
States with a city named 'Springfield'WashingtonNo
89%
States with a city named 'Arlington'WisconsinNo
89%
States with a city named 'Springfield'DelawareNo
78%
States with a city named 'Arlington'FloridaNo
78%
States with a city named 'Washington'FloridaNo
78%
States with a city named 'Orange'IdahoNo
78%
States with a city named 'Orange'LouisianaNo
78%
States with a city named 'Madison'MassachusettsNo
78%
States with a city named 'Arlington'MichiganNo
78%
States with a city named 'Washington'MichiganNo
78%
States with a city named 'Springfield'OklahomaNo
78%
States with a city named 'Madison'MichiganNo
67%
States with a city named 'Orange'NevadaNo
67%
States with a city named 'Washington'New MexicoNo
67%
States with a city named 'Washington'WashingtonNo
67%
States with a city named 'Springfield'OhioYes
56%
States with a city named 'Washington'PennsylvaniaYes
56%
States with a city named 'Orange'CaliforniaYes
44%
States with a city named 'Washington'MaineYes
44%
States with a city named 'Springfield'MissouriYes
44%
States with a city named 'Arlington'TennesseeYes
44%
States with a city named 'Madison'IndianaYes
33%
States with a city named 'Washington'IowaYes
33%
States with a city named 'Springfield'MassachusettsYes
33%
States with a city named 'Madison'New JerseyYes
33%
States with a city named 'Arlington'TexasYes
33%
States with a city named 'Arlington'VirginiaYes
33%
States with a city named 'Orange'ConnecticutYes
22%
States with a city named 'Washington'IllinoisYes
22%
States with a city named 'Orange'MassachusettsYes
22%
States with a city named 'Arlington'MinnesotaYes
22%
States with a city named 'Springfield'OregonYes
22%
States with a city named 'Orange'TexasYes
22%
States with a city named 'Washington'UtahYes
22%
States with a city named 'Springfield'VirginiaYes
22%
States with a city named 'Arlington'WashingtonYes
22%
States with a city named 'Madison'FloridaYes
11%
States with a city named 'Madison'GeorgiaYes
11%
States with a city named 'Springfield'KentuckyYes
11%
States with a city named 'Springfield'MinnesotaYes
11%
States with a city named 'Washington'MissouriYes
11%
States with a city named 'Madison'NebraskaYes
11%
States with a city named 'Madison'New HampshireYes
11%
States with a city named 'Arlington'New YorkYes
11%
States with a city named 'Orange'OhioYes
11%
States with a city named 'Springfield'TennesseeYes
11%
States with a city named 'Arlington'VermontYes
11%
States with a city named 'Orange'VermontYes
11%
States with a city named 'Madison'West VirginiaYes
11%
States with a city named 'Washington'ConnecticutYes
0%
States with a city named 'Arlington'MassachusettsYes
0%
States with a city named 'Madison'MississippiYes
0%
States with a city named 'Madison'South DakotaYes
0%
States with a city named 'Springfield'South DakotaYes
0%
States with a city named 'Orange'VirginiaYes
0%

Score Distribution

Percentile by Number Answered

Percent of People with Each Score

Your Score History

You have not taken this quiz